<?xml version="1.0" encoding="UTF-8"?><?xml-stylesheet type="text/xsl" href="static/style.xsl"?><OAI-PMH xmlns="http://www.openarchives.org/OAI/2.0/" xmlns:xsi="http://www.w3.org/2001/XMLSchema-instance" xsi:schemaLocation="http://www.openarchives.org/OAI/2.0/ http://www.openarchives.org/OAI/2.0/OAI-PMH.xsd"><responseDate>2026-06-05T12:44:29Z</responseDate><request verb="GetRecord" identifier="oai:riuma.uma.es:10630/45975" metadataPrefix="marc">https://riuma.uma.es/rest/oai/request</request><GetRecord><record><header><identifier>oai:riuma.uma.es:10630/45975</identifier><datestamp>2026-03-11T00:47:16Z</datestamp><setSpec>com_10630_1685</setSpec><setSpec>col_10630_38055</setSpec></header><metadata><record xmlns="http://www.loc.gov/MARC21/slim" xmlns:dcterms="http://purl.org/dc/terms/" xmlns:doc="http://www.lyncode.com/xoai" xmlns:xsi="http://www.w3.org/2001/XMLSchema-instance" xsi:schemaLocation="http://www.loc.gov/MARC21/slim http://www.loc.gov/standards/marcxml/schema/MARC21slim.xsd">
   <leader>00925njm 22002777a 4500</leader>
   <datafield ind2=" " ind1=" " tag="042">
      <subfield code="a">dc</subfield>
   </datafield>
   <datafield ind2=" " ind1=" " tag="720">
      <subfield code="a">Guzmán Enríquez, Paula del Carmen</subfield>
      <subfield code="e">author</subfield>
   </datafield>
   <datafield ind2=" " ind1=" " tag="260">
      <subfield code="c">2025</subfield>
   </datafield>
   <datafield ind2=" " ind1=" " tag="520">
      <subfield code="a">El problema de la satisfacibilidad boolena (SAT) fue el primer problema identificado como
perteneciente a la clase de complejidad NP-completo. Este problema, aunque no inicialmente
ligado a la informática, guarda una estrecha relación con ella gracias a la teoría de la complejidad
computacional.
Se tiene como propósito crear un material interactivo que facilite la comprensión de las reducibilidades
entre problemas NP-completos. Se consigue mediante la demostración de cómo a
partir de SAT, es posible reducir polinómicamente otros problemas NP-completos relacionados
con la informática. Para ello, se desarrolla una aplicación web que describe el proceso de
dichas reducciones. Este contempla tres etapas principales:
1. Transformación de una fórmula booleana dada por el usuario a una 3FNC (forma normal
conjuntiva de 3 literales por cláusula). Se usan mapas de Karnaugh para una simplificación
más eficiente de la fórmula.
2. Reducción del problema 3SAT (que expresa fórmulas booleanas 3FNC) a otro problema
NP-completo que dispone de una representación visual (como CLIQUE o HAMPATH).
3. Identificación de posibles soluciones para cada problema individual. Se da la posibilidad
al usuario de elegir una solución a mostrar entre todas las posibles. La solución elegida
se representa visualmente.
Las reducciones se detallan para 4 problemas NP-completos: CLIQUE, VERTEX-COVER, HAMPATH
y SUBSET-SUM.
Asimismo, cada uno de los problemas se complementa con una explicación detallada de las
reducciones realizadas, con el fin de facilitar la comprensión por parte del usuario.</subfield>
   </datafield>
   <datafield ind1="8" ind2=" " tag="024">
      <subfield code="a">https://hdl.handle.net/10630/45975</subfield>
   </datafield>
   <datafield tag="653" ind2=" " ind1=" ">
      <subfield code="a">Informática - Trabajos Fin de Grado</subfield>
   </datafield>
   <datafield tag="653" ind2=" " ind1=" ">
      <subfield code="a">Grado en Ingeniería Informática - Trabajos Fin de Grado</subfield>
   </datafield>
   <datafield ind2="0" ind1="0" tag="245">
      <subfield code="a">Herramienta para la visualización de reducciones entre el problema SAT y otros problemas NPC</subfield>
   </datafield>
</record>
</metadata></record></GetRecord></OAI-PMH>